000 01161nji a22002897a 4500
005 20100903161258.0
006 a|||||r|||||00| 0
007 sd ammalaaahaa
008 100830t xxu||||| |||| 00| 0 eng d
028 _aFT 17631
_bHis Master's Voice
035 _aGR-01187
040 _aSED
_cSED
100 _917455
_aMahmood, Talat
245 _aBabul /
_cby Talat Mahmood [and] Shamshad ; music by Naushad ; comp by Shakeel Badayuni
_h[sound recording] :
246 _a मिलते ही आखे / बाबुल
260 _aDum Dum, India
_bHis Master's Voice
300 _a1 sound disc [Gramophone Recording]:
_banalog, 33 1/3 rpm
_c9.5 in. (MP)
_fGramophone Record
500 _aBrief Record
505 _aSide -1 मिलते ही आखे (Miltthey hi aakhe) Side 2 हुसन वालो को (Huusan walo ko) (Talat Mahmood)
650 _aClassical music
_zIndia
_91186
_xExcerpts
700 _917416
_aNaushad
700 _917456
_aBadayuni, Shakeel
700 _918836
_aShamshad
700 _918849
942 _2ddc
_cGR
999 _c44574
_d44574